[Event "Pardubice Czech op-B 28th"]
[Site "Pardubice"]
[Date "2017.07.21"]
[Round "1"]
[White "Dubois, Thomas"]
[Black "Brigljevic, Milan"]
[Result "0-1"]
[WhiteElo "1887"]
[BlackElo "2110"]
[PlyCount "104"]
[EventDate "2017.07.21"]
[EventType "swiss"]
[EventRounds "9"]
[EventCountry "CZE"]
[SourceTitle "CBM 179 Extra"]
[Source "ChessBase"]
[SourceDate "2017.08.23"]
[SourceVersion "1"]
[SourceVersionDate "2017.08.23"]
[SourceQuality "1"]

1. e4 e5 2. Nf3 Nc6 3. Bb5 Nge7 4. c3 a6 5. Ba4 b5 6. Bb3 h6 7. 0-0 Ng6 8. d4 d6 9. dxe5 dxe5 10. Qxd8+ Nxd8 11. h4 Bg4 12. Nh2 Be6 13. h5 Nf4 14. Bxf4 exf4 15. Nd2 Bc5 16. Nhf3 Ke7 17. Ne5 Bd6 18. Ndf3 c5 19. Bd5 Rc8 20. Rfe1 Re8 21. a4 Kf6 22. axb5 Bxe5 23. Nxe5 Kxe5 24. bxa6 Kd6 25. c4 Nc6 26. a7 Bxd5 27. cxd5 Nb4 28. Ra5 Ra8 29. Rc1 Rec8 30. Rb5 Rc7 31. Rb6+ Kd7 32. d6 Rcxa7 33. Rxc5 Nd3 34. Rd5 Ra1+ 35. Kh2 Nxf2 36. Rb7+ Kc8 37. Rc7+ Kd8 38. g3 f3 39. g4 Nxg4+ 40. Kg3 f2 41. Rxf7 Rg1+ 42. Kh4 f1Q 43. Rxf1 Rxf1 44. Kxg4 Kd7 45. e5 Ra4+ 46. Kg3 Rf5 47. Rc5 Ra7 48. Kg4 Ke6 49. d7 Ra4+ 50. Kg3 Rd4 51. Rc6+ Kxd7 52. Rg6 Rg5+ 0-1

[Event "Wasselonne op"]
[Site "Wasselonne"]
[Date "2009.08.09"]
[Round "6"]
[White "Dubois, Thomas"]
[Black "Meyer, Albert"]
[Result "1-0"]
[WhiteElo "1690"]
[BlackElo "1620"]
[PlyCount "67"]
[EventDate "2009.08.06"]
[EventType "swiss"]
[EventRounds "7"]
[EventCountry "FRA"]
[SourceTitle "EXT 2011"]
[Source "ChessBase"]
[SourceDate "2010.11.26"]
[SourceVersion "1"]
[SourceVersionDate "2010.11.26"]
[SourceQuality "1"]

1. e4 c6 2. d4 d5 3. exd5 cxd5 4. c4 e6 5. Bf4 Qa5+ 6. Nd2 Nf6 7. a3 dxc4 8. Bxc4 Qb6 9. Nb3 Qc6 10. Nf3 Qxc4 11. Rc1 Qxc1 12. Qxc1 Nc6 13. 0-0 Bd7 14. Nc5 Bxc5 15. dxc5 Rc8 16. b4 0-0 17. Bd6 Rfd8 18. Nd2 Nd4 19. Qb2 Nb5 20. Nc4 Ne4 21. Rd1 Nbxd6 22. Nxd6 Nxd6 23. Rxd6 Bb5 24. Qd4 Re8 25. f3 e5 26. Qd1 a6 27. Qb3 Kf8 28. a4 Bc6 29. b5 axb5 30. axb5 Bxf3 31. Qxf3 Rxc5 32. Rd7 Rc1+ 33. Kf2 f6 34. Qa3+ 1-0